[Event "CZECH OPEN 2011 "]
[Site "Pardubice (CZE)"]
[Date "2011.07.23"]
[Round "2.64"]
[White "Schneider, Ilja"]
[Black "Varitski, Igor"]
[Result "1/2-1/2"]
[WhiteElo "2498"]
[BlackElo "2273"]
[PlyCount "65"]
[EventDate "2011.07.22"]

1. d4 f5 2. g3 Nf6 3. Bg2 e6 4. Nf3 d5 5. O-O c6 6. c4 Bd6 7. Qc2 O-O 8. Nc3
Ne4 9. Rb1 Nd7 10. b4 Nxc3 11. Qxc3 b5 12. cxb5 cxb5 13. Qc6 Qc7 14. Qxb5 a5
15. Ng5 Nf6 16. Bd2 h6 17. Nf3 axb4 18. Bxb4 Ba6 19. Bxd6 Qxd6 20. Qb2 Rfb8 21.
Qd2 Ne4 22. Qe3 Bc4 23. Ne5 Bxa2 24. Rxb8+ Rxb8 25. Ra1 Rb3 26. Qc1 Nc3 27.
Rxa2 Nxa2 28. Qc2 Qb4 29. Qc8+ Kh7 30. Qxe6 Rb1+ 31. Bf1 Qe1 32. Qxf5+ Kg8 33.
Qc8+ 1/2-1/2

[Event "CZECH OPEN 2011 "]
[Site "Pardubice (CZE)"]
[Date "2011.07.23"]
[Round "2.65"]
[White "Jedlicka, Ales"]
[Black "Lalic, Bogdan"]
[Result "1/2-1/2"]
[WhiteElo "2282"]
[BlackElo "2470"]
[PlyCount "32"]
[EventDate "2011.07.22"]

1. d4 Nf6 2. c4 e6 3. Nf3 d5 4. Nc3 Nbd7 5. cxd5 exd5 6. Bg5 Be7 7. e3 c6 8.
Qc2 Nh5 9. Bxe7 Qxe7 10. h3 g6 11. O-O-O Nb6 12. g4 Ng7 13. Bd3 Be6 14. Kb1
O-O-O 15. Na4 Nxa4 16. Qxa4 Kb8 1/2-1/2

[Event "CZECH OPEN 2011 "]
[Site "Pardubice (CZE)"]
[Date "2011.07.23"]
[Round "2.66"]
[White "Llaneza Vega, Marcos"]
[Black "Liepold, Stefan"]
[Result "1/2-1/2"]
[WhiteElo "2465"]
[BlackElo "2266"]
[PlyCount "80"]
[EventDate "2011.07.22"]

1. e4 e6 2. Nc3 d5 3. Nf3 Nf6 4. e5 Nfd7 5. d4 c5 6. dxc5 Bxc5 7. Bd3 Nc6 8.
Bf4 f6 9. exf6 Nxf6 10. Qe2 O-O 11. O-O-O Nb4 12. Kb1 Nxd3 13. cxd3 Bd7 14. Bg5
b5 15. d4 Bb4 16. Ne5 Bxc3 17. bxc3 b4 18. cxb4 Rb8 19. Nc6 Bxc6 20. Qxe6+ Kh8
21. Qxc6 Rxb4+ 22. Ka1 Rc4 23. Qb5 Rc2 24. Rhe1 Qc7 25. Bxf6 gxf6 26. Rd3 a6
27. Qb3 Rb8 28. Qa3 Qc4 29. Rb3 Qxd4+ 30. Kb1 Rcc8 31. Qxa6 Rxb3+ 32. axb3 Qc3
33. Ka2 Qc2+ 34. Ka3 Qc5+ 35. Ka4 Qd4+ 36. b4 Rc7 37. Kb3 Qc3+ 38. Ka4 Qxe1 39.
Qxf6+ Rg7 40. Qf8+ Rg8 1/2-1/2

[Event "CZECH OPEN 2011 "]
[Site "Pardubice (CZE)"]
[Date "2011.07.23"]
[Round "2.73"]
[White "Nguyen, Chi Minh"]
[Black "Andersen, Alf"]
[Result "1-0"]
[WhiteElo "2409"]
[BlackElo "2218"]
[PlyCount "63"]
[EventDate "2011.07.22"]

1. d4 f5 2. c4 Nf6 3. Nc3 g6 4. h4 Bg7 5. h5 Nxh5 6. e4 fxe4 7. Rxh5 gxh5 8.
Qxh5+ Kf8 9. Bh6 d6 10. Nxe4 Bxh6 11. Qxh6+ Ke8 12. O-O-O Bf5 13. Bd3 Rf8 14.
Ng5 Rf6 15. Qh5+ Bg6 16. Bxg6+ hxg6 17. Qh8+ Kd7 18. Qh3+ Rf5 19. N1f3 Qg8 20.
d5 Na6 21. Nh4 Raf8 22. Ne6 R8f6 23. f4 Nc5 24. Nxf5 gxf5 25. Nxc5+ dxc5 26.
Re1 Qf7 27. Re5 b6 28. g4 fxg4 29. Qxg4+ Kd6 30. Qc8 e6 31. Qd8+ Qd7 32. Qxf6
1-0

[Event "CZECH OPEN 2011 "]
[Site "Pardubice (CZE)"]
[Date "2011.07.23"]
[Round "2.74"]
[White "Kaphle, Sebastian"]
[Black "Romanko, Marina"]
[Result "0-1"]
[WhiteElo "2172"]
[BlackElo "2402"]
[PlyCount "90"]
[EventDate "2011.07.22"]

1. e4 c6 2. Nf3 d5 3. exd5 cxd5 4. Ne5 Nf6 5. d4 e6 6. Bd3 Be7 7. O-O O-O 8.
Nd2 b6 9. Qe2 Bb7 10. c3 Qc8 11. Ndf3 Ba6 12. Bg5 Bxd3 13. Qxd3 Nc6 14. Qb5 Na5
15. Rac1 Re8 16. Nd2 h6 17. Bxf6 Bxf6 18. f4 Qc7 19. Qd3 Nb7 20. g4 Nd6 21.
Rce1 b5 22. a3 a5 23. Nb3 Nc4 24. Qg3 Nxb2 25. h4 Bxe5 26. fxe5 Na4 27. Re3
Rac8 28. g5 h5 29. g6 Rf8 30. Ref3 fxg6 31. Qxg6 Qe7 32. Qxh5 Rxf3 33. Rxf3
Nxc3 34. Qg4 b4 35. axb4 axb4 36. Rf6 Ne4 37. Rxe6 Qd7 38. Qg6 Rf8 39. h5 Ng5
40. Nc5 Nf3+ 41. Kg2 Qb5 42. Kg3 Nxd4 43. h6 Nf5+ 44. Kh3 Qxc5 45. Rf6 Qe3+ 0-1

[Event "CZECH OPEN 2011 "]
[Site "Pardubice (CZE)"]
[Date "2011.07.23"]
[Round "2.75"]
[White "Radovic, Stefan"]
[Black "Bures, Jaroslav"]
[Result "0-1"]
[WhiteElo "2158"]
[BlackElo "2380"]
[PlyCount "38"]
[EventDate "2011.07.22"]

1. c4 Nf6 2. g3 c6 3. Bg2 d5 4. Nf3 dxc4 5. O-O Nbd7 6. a4 Qa5 7. b4 Qxb4 8. a5
Nc5 9. Nc3 Nd5 10. Ne5 e6 11. e4 Nxc3 12. Qf3 Nb5 13. Qxf7+ Kd8 14. d4 Nd7 15.
Bg5+ Kc7 16. Rab1 Qa4 17. d5 Nd6 18. Qxe6 Nc5 19. Rxb7+ Ncxb7 0-1

[Event "CZECH OPEN 2011 "]
[Site "Pardubice (CZE)"]
[Date "2011.07.23"]
[Round "2.76"]
[White "Sazonova, Elena"]
[Black "Gorbatov, Alexej"]
[Result "1/2-1/2"]
[WhiteElo "2131"]
[BlackElo "2375"]
[PlyCount "87"]
[EventDate "2011.07.22"]

1. e4 c5 2. Nf3 a6 3. c3 d5 4. exd5 Qxd5 5. d4 g6 6. Be3 cxd4 7. Qxd4 Qxd4 8.
Bxd4 f6 9. c4 Nc6 10. Bc3 e5 11. a3 Bf5 12. Be2 O-O-O 13. Nbd2 Bh6 14. h3 Nge7
15. g4 e4 16. gxf5 exf3 17. Nxf3 Rhe8 18. Bxf6 Rd6 19. Bxe7 Rxe7 20. Rd1 Rf6
21. Rd5 Bc1 22. b4 Bxa3 23. b5 axb5 24. cxb5 Nb4 25. Re5 Rc7 26. O-O gxf5 27.
Re8+ Kd7 28. Re3 Nc2 29. Rd1+ Bd6 30. Red3 Ke7 31. Nd4 Nxd4 32. Rxd4 Rc2 33.
Bf3 b6 34. R4d2 Rc5 35. Bc6 Rh6 36. Re2+ Re6 37. Ra2 Rce5 38. Ra7+ Kf6 39. Rxh7
Re1+ 40. Rxe1 Rxe1+ 41. Kg2 Bc5 42. Kg3 Rg1+ 43. Kf4 Bxf2 44. Rh6+ 1/2-1/2

[Event "CZECH OPEN 2011 "]
[Site "Pardubice (CZE)"]
[Date "2011.07.23"]
[Round "2.77"]
[White "Dann, Matthias"]
[Black "Hladik, Josef"]
[Result "1/2-1/2"]
[WhiteElo "2373"]
[BlackElo "2141"]
[PlyCount "77"]
[EventDate "2011.07.22"]

1. e4 e5 2. Nf3 Nc6 3. Bb5 a6 4. Ba4 d6 5. O-O Bd7 6. d4 Nf6 7. d5 Nb8 8. Bxd7+
Nbxd7 9. Re1 g6 10. c4 Bg7 11. Nc3 O-O 12. b4 a5 13. bxa5 Rxa5 14. Nd2 Nc5 15.
Nb3 Nxb3 16. Qxb3 b6 17. Ba3 Nh5 18. Bb4 Ra8 19. a4 f5 20. Qc2 Nf4 21. f3 h5
22. a5 bxa5 23. Bxa5 Ra7 24. Nb5 Rxa5 25. Rxa5 c6 26. Ra6 cxb5 27. cxb5 fxe4
28. fxe4 Qg5 29. Ra3 h4 30. b6 h3 31. g3 Ng2 32. Rf1 Rxf1+ 33. Kxf1 Ne3+ 34.
Rxe3 Qxe3 35. b7 Qf3+ 36. Kg1 Qe3+ 37. Kf1 Qf3+ 38. Kg1 Qe3+ 39. Kf1 1/2-1/2

[Event "CZECH OPEN 2011 "]
[Site "Pardubice (CZE)"]
[Date "2011.07.23"]
[Round "2.78"]
[White "Jasny, Stanislav"]
[Black "Gonzalez Gonzalez, Alfonso"]
[Result "1-0"]
[WhiteElo "2366"]
[BlackElo "2110"]
[PlyCount "83"]
[EventDate "2011.07.22"]

1. e4 e5 2. Nf3 Nc6 3. Bb5 a6 4. Ba4 Nf6 5. O-O Be7 6. Re1 b5 7. Bb3 O-O 8. h3
d6 9. c3 Na5 10. Bc2 c5 11. d4 Nd7 12. dxc5 dxc5 13. Nbd2 Re8 14. Nf1 h6 15.
Ne3 Bf8 16. Nf5 Qc7 17. Nh2 Nf6 18. Qf3 Qc6 19. Qg3 Kh8 20. Qh4 Nh7 21. Ng4 Nc4
22. a4 Bb7 23. axb5 axb5 24. Rxa8 Bxa8 25. Bb3 Bb7 26. f3 Bc8 27. Bc2 Nb6 28.
Rd1 Bd7 29. b3 Qe6 30. Be3 Rc8 31. Qg3 f6 32. h4 Be8 33. Nf2 Rc7 34. Rd8 Nc8
35. Nd3 c4 36. bxc4 bxc4 37. Nb4 Na7 38. Nd5 Rf7 39. Kh2 Nc8 40. Qg4 Bd7 41.
Bc5 h5 42. Bxf8 1-0

[Event "CZECH OPEN 2011 "]
[Site "Pardubice (CZE)"]
[Date "2011.07.23"]
[Round "2.79"]
[White "Yefimov, Mstislav"]
[Black "De Verdier, Michael"]
[Result "1/2-1/2"]
[WhiteElo "2127"]
[BlackElo "2359"]
[PlyCount "56"]
[EventDate "2011.07.22"]

1. d4 e6 2. c4 Nf6 3. Nc3 Bb4 4. e3 O-O 5. Nge2 d5 6. a3 Be7 7. cxd5 exd5 8.
Nf4 c6 9. Bd3 Re8 10. O-O a5 11. Bc2 Bd6 12. Nce2 Nbd7 13. f3 Nf8 14. Kh1 Ng6
15. Qd3 b6 16. Nxg6 hxg6 17. Qd2 c5 18. Nc3 Ba6 19. Re1 Nh5 20. dxc5 Bxc5 21.
Qf2 d4 22. Ne4 dxe3 23. Bxe3 Bxe3 24. Qxe3 Qc7 25. Rac1 Qe5 26. Qc3 Qxc3 27.
Nxc3 Nf6 28. Kg1 Rad8 1/2-1/2

[Event "CZECH OPEN 2011 "]
[Site "Pardubice (CZE)"]
[Date "2011.07.23"]
[Round "2.97"]
[White "Mueller, Fabian"]
[Black "Miskulin, Dennis"]
[Result "1/2-1/2"]
[WhiteElo "2314"]
[BlackElo "2208"]
[PlyCount "109"]
[EventDate "2011.07.22"]

1. d4 Nf6 2. g3 c5 3. d5 e6 4. c4 b5 5. Bg2 Bb7 6. e4 bxc4 7. Ne2 exd5 8. exd5
Be7 9. O-O d6 10. Na3 Nbd7 11. Nxc4 O-O 12. Nf4 Ba6 13. Qa4 Qc8 14. Re1 Re8 15.
Bh3 Bxc4 16. Qxc4 Qb7 17. Bg2 Bf8 18. Rd1 Ne5 19. Qc2 g6 20. Bd2 Bg7 21. Bc3
Re7 22. Re1 Rae8 23. h3 Qa6 24. Re3 Ned7 25. Rxe7 Rxe7 26. Bf1 Qb7 27. Bg2 Qa6
28. h4 h5 29. Bf1 Qb7 30. Rd1 Ng4 31. Bxg7 Kxg7 32. Bg2 Nge5 33. Nh3 Qb4 34.
Ng5 Nf6 35. b3 Neg4 36. Bf3 Ne5 37. Bg2 Neg4 38. Bf3 Re1+ 39. Rxe1 Qxe1+ 40.
Kg2 Ne5 41. Qb2 Nxf3 42. Kxf3 Qd1+ 43. Ke3 Qe1+ 44. Kf3 Qd1+ 45. Ke3 Qxd5 46.
f3 Qc6 47. Qc3 d5 48. Qe5 d4+ 49. Kd2 Qd5 50. Qxd5 Nxd5 51. Ne4 Nb4 52. Nxc5
Nxa2 53. Kd3 Nc1+ 54. Kd2 Na2 55. Kd3 1/2-1/2

[Event "CZECH OPEN 2011 "]
[Site "Pardubice (CZE)"]
[Date "2011.07.23"]
[Round "2.103"]
[White "Chudinovskikh, Alexander M"]
[Black "Ten Vergert, Paul"]
[Result "1/2-1/2"]
[WhiteElo "2302"]
[BlackElo "2194"]
[PlyCount "35"]
[EventDate "2011.07.22"]

1. e4 c5 2. Nf3 Nc6 3. Bb5 g6 4. c3 Bg7 5. d4 cxd4 6. cxd4 Nf6 7. Nc3 d5 8. e5
Ne4 9. O-O Nxc3 10. bxc3 O-O 11. Re1 Qa5 12. Qb3 Bg4 13. Bg5 Bxf3 14. gxf3 e6
15. a4 Rfc8 16. Rab1 Qc7 17. f4 Na5 18. Qd1 1/2-1/2

[Event "CZECH OPEN 2011 "]
[Site "Pardubice (CZE)"]
[Date "2011.07.23"]
[Round "2.104"]
[White "Bystrov, Sergej"]
[Black "Aliakbarov, Anar"]
[Result "1-0"]
[WhiteElo "2300"]
[BlackElo "2182"]
[PlyCount "117"]
[EventDate "2011.07.22"]

1. e4 e5 2. Nf3 Nc6 3. Bc4 Bc5 4. c3 Nf6 5. d3 O-O 6. Bb3 a6 7. O-O d6 8. Nbd2
Ne7 9. d4 exd4 10. cxd4 Ba7 11. h3 d5 12. e5 Ne4 13. Re1 Bf5 14. Bc2 c5 15. Nh4
Nxd2 16. Nxf5 Nxf5 17. Bxf5 Ne4 18. Bxe4 dxe4 19. d5 c4 20. Rxe4 b5 21. d6 Qd7
22. Qd5 Qe6 23. Qxe6 fxe6 24. Be3 Bxe3 25. Rxe3 Rac8 26. Rd1 Rc6 27. Kf1 b4 28.
Ke2 Rb8 29. Rc1 a5 30. Re4 Rbc8 31. d7 Rd8 32. Rexc4 Rxc4 33. Rxc4 Rxd7 34. Rc5
Ra7 35. Rb5 Kf7 36. Ke3 Kg6 37. f4 h5 38. g4 h4 39. Rb6 Kf7 40. f5 exf5 41.
gxf5 Rc7 42. Ra6 Rc2 43. Ra7+ Kf8 44. Rxa5 Rxb2 45. Kf3 Rh2 46. Kg4 Rf2 47. Rb5
Rxa2 48. Rxb4 Re2 49. e6 Re5 50. Kg5 Re3 51. Kxh4 Rf3 52. Kg4 Rf1 53. Kg5 Rg1+
54. Rg4 Re1 55. h4 Re2 56. h5 Rh2 57. Kg6 Rh3 58. Rg5 Rh2 59. e7+ 1-0

[Event "CZECH OPEN 2011 "]
[Site "Pardubice (CZE)"]
[Date "2011.07.23"]
[Round "2.105"]
[White "Plesek, Jiri"]
[Black "Boruchovsky, Avital"]
[Result "0-1"]
[WhiteElo "2207"]
[BlackElo "2297"]
[PlyCount "94"]
[EventDate "2011.07.22"]

1. d4 d5 2. Nf3 Nf6 3. e3 e6 4. Bd3 Be7 5. O-O O-O 6. Nbd2 b6 7. Ne5 Bb7 8. Qf3
Nbd7 9. Qh3 c5 10. b3 Nxe5 11. dxe5 Ne4 12. Bb2 Qc7 13. f3 Ng5 14. Qh5 g6 15.
Qh6 b5 16. f4 c4 17. fxg5 cxd3 18. Rf3 Bb4 19. c3 Ba5 20. Rh3 f5 21. exf6 Rf7
22. Rc1 Qe5 23. Qh4 Rc8 24. Qf4 Qxf4 25. exf4 d4 26. b4 Rfc7 27. f7+ Kf8 28.
Rxh7 dxc3 29. Rh8+ Kxf7 30. Rh7+ Kg8 31. Rxc7 cxd2 32. Rg7+ Kf8 33. Rd1 Bb6+
34. Kf1 Rc1 35. Bxc1 dxc1=Q 36. Rxc1 Kxg7 37. Ke1 Bd5 38. Kd2 Bc4 39. a4 Bc7
40. g3 Bd6 41. Kc3 e5 42. axb5 Bxb5 43. fxe5 Bxe5+ 44. Kd2 Bd6 45. Rb1 Be7 46.
h4 Bd6 47. g4 Bf4+ 0-1

[Event "CZECH OPEN 2011 "]
[Site "Pardubice (CZE)"]
[Date "2011.07.23"]
[Round "2.98"]
[White "Vlasak, Lukas"]
[Black "Slacky, Stanislav"]
[Result "1/2-1/2"]
[WhiteElo "2308"]
[BlackElo "2205"]
[PlyCount "56"]
[EventDate "2011.07.22"]

1. e4 Nf6 2. e5 Nd5 3. d4 d6 4. c4 Nb6 5. exd6 exd6 6. h3 Nc6 7. Nf3 Bf5 8. d5
Ne5 9. Nd4 Bg6 10. Be3 Be7 11. b3 O-O 12. Qd2 Bf6 13. Be2 c5 14. dxc6 Nxc6 15.
Nc3 Rc8 16. O-O d5 17. c5 Nd7 18. Nxc6 bxc6 19. Rad1 Re8 20. b4 a5 21. b5 d4
22. Bxd4 Nxc5 23. bxc6 Ne4 24. Nxe4 Bxe4 25. Ba6 Rxc6 26. Bb5 Rd6 27. Bxe8 Rxd4
28. Qe2 Bd3 1/2-1/2

[Event "CZECH OPEN 2011 "]
[Site "Pardubice (CZE)"]
[Date "2011.07.23"]
[Round "2.109"]
[White "Gafner, Evgeny J"]
[Black "Butuc, Maria"]
[Result "1-0"]
[WhiteElo "2287"]
[BlackElo "2172"]
[PlyCount "73"]
[EventDate "2011.07.22"]

1. e4 c6 2. d4 d5 3. Nc3 dxe4 4. Nxe4 Bf5 5. Ng3 Bg6 6. Bc4 e6 7. N1e2 Bd6 8.
h4 h6 9. Nf4 Bxf4 10. Bxf4 Nf6 11. Qe2 O-O 12. h5 Bh7 13. O-O-O Nbd7 14. Kb1
Re8 15. Bd3 Bxd3 16. Rxd3 Qa5 17. Bd2 Qb5 18. Ne4 Nxe4 19. Qxe4 Qd5 20. Qh4 Nb6
21. Rg3 Kh7 22. Bxh6 Rg8 23. Bc1 Rad8 24. h6 g6 25. Bg5 Rd7 26. Bf6 Qb5 27. b3
Qb4 28. c3 Qa3 29. Be5 Nd5 30. Re1 a5 31. c4 Nb4 32. Re2 c5 33. Qf6 Nc6 34. d5
exd5 35. Bb2 Qb4 36. Bc3 Qa3 37. Re8 1-0

[Event "CZECH OPEN 2011 "]
[Site "Pardubice (CZE)"]
[Date "2011.07.24"]
[Round "3.34"]
[White "Gutman, Gennadi"]
[Black "Caletka, Radomir"]
[Result "1/2-1/2"]
[WhiteElo "2501"]
[BlackElo "2357"]
[PlyCount "109"]
[EventDate "2011.07.22"]

1. d4 Nf6 2. Nf3 e6 3. c4 b6 4. Nc3 Bb4 5. Bg5 h6 6. Bh4 g5 7. Bg3 Ne4 8. Qc2
Bb7 9. e3 Bxc3+ 10. bxc3 d6 11. Bd3 f5 12. d5 exd5 13. Nd4 Qf6 14. f3 Nxg3 15.
hxg3 Nd7 16. Bxf5 O-O-O 17. cxd5 Bxd5 18. Kf2 Kb8 19. Bxd7 Rxd7 20. Qf5 Qf7 21.
e4 Bc4 22. Qxf7 Rxf7 23. g4 Rfh7 24. Rh2 h5 25. Rah1 h4 26. a3 Re8 27. g3 hxg3+
28. Kxg3 Rxh2 29. Rxh2 d5 30. exd5 Bxd5 31. Re2 Rg8 32. Re5 Bc4 33. f4 gxf4+
34. Kxf4 c5 35. Nf5 Rd8 36. g5 a5 37. g6 Kb7 38. g7 Ka6 39. a4 Bb3 40. Ne7 Re8
41. Nd5 Rg8 42. Nc7+ Kb7 43. Re7 Kc6 44. Ne8 b5 45. axb5+ Kxb5 46. Rb7+ Ka4 47.
Nf6 Rc8 48. Ke5 Ka3 49. Kd6 a4 50. Nd7 Rd8 51. Kxc5 Kb2 52. c4 Kc3 53. Nb6 a3
54. Nd5+ Kb2 55. Ne7 1/2-1/2

[Event "CZECH OPEN 2011 "]
[Site "Pardubice (CZE)"]
[Date "2011.07.24"]
[Round "3.40"]
[White "Semcesen, Daniel"]
[Black "Radovanovic, Jovica"]
[Result "1/2-1/2"]
[WhiteElo "2480"]
[BlackElo "2323"]
[PlyCount "112"]
[EventDate "2011.07.22"]

1. Nf3 Nf6 2. c4 g6 3. Nc3 Bg7 4. d4 O-O 5. e4 d6 6. h3 e5 7. d5 a5 8. Bg5 Na6
9. Nd2 h6 10. Bh4 Qe8 11. Be2 Nh7 12. a3 Bd7 13. b3 f5 14. f3 Kh8 15. Qc2 Rc8
16. g4 c6 17. O-O Bf6 18. Bg3 Qe7 19. Kg2 Bh4 20. Bh2 h5 21. Nd1 f4 22. Rh1 Ng5
23. Bg1 Kg7 24. Qc3 cxd5 25. exd5 Rh8 26. Bf2 Nf7 27. Ne4 Bxf2 28. Ndxf2 Nc5
29. Nxc5 Rxc5 30. Ne4 Rcc8 31. Qxa5 b6 32. Qb4 b5 33. Qd2 bxc4 34. Bxc4 Rh7 35.
Qf2 Rch8 36. a4 hxg4 37. hxg4 Ng5 38. Rxh7+ Rxh7 39. Nxg5 Qxg5 40. Rh1 Bxg4 41.
Rxh7+ Kxh7 42. fxg4 Qxg4+ 43. Kh2 f3 44. Qg3 Qe4 45. a5 Qe3 46. a6 e4 47. Kh3
Kg7 48. Kg4 Qc5 49. a7 Qxa7 50. Qxd6 Qg1+ 51. Qg3 f2 52. d6 Kf6 53. d7 Ke7 54.
Kf4 f1=Q+ 55. Bxf1 Qxf1+ 56. Kxe4 Qf5+ 1/2-1/2

[Event "CZECH OPEN 2011 "]
[Site "Pardubice (CZE)"]
[Date "2011.07.24"]
[Round "3.2"]
[White "Jovanovic, Zoran"]
[Black "Simacek, Pavel"]
[Result "1-0"]
[WhiteElo "2577"]
[BlackElo "2470"]
[PlyCount "89"]
[EventDate "2011.07.22"]

1. e4 e5 2. Nf3 Nc6 3. Bc4 Bc5 4. c3 Nf6 5. d3 d6 6. O-O O-O 7. h3 a6 8. Bb3
Ba7 9. Be3 Ne7 10. Nh4 Bxe3 11. fxe3 Be6 12. Nd2 d5 13. exd5 Bxd5 14. Bc2 Qd6
15. Qe2 Rae8 16. Qf2 Qb6 17. b3 Be6 18. d4 Nd7 19. Nhf3 f6 20. c4 exd4 21. exd4
Bf5 22. Ne4 Ng6 23. Nc5 Be6 24. Nxe6 Rxe6 25. Bf5 Re7 26. Rae1 Qb4 27. Rxe7
Qxe7 28. Re1 Qd8 29. Qe3 Nb8 30. Qe6+ Rf7 31. Qc8 Qxc8 32. Bxc8 Re7 33. Bxb7
Rxe1+ 34. Nxe1 Ne7 35. Be4 f5 36. Bf3 Nbc6 37. Nc2 a5 38. Kf2 Kf7 39. Ke3 Kf6
40. a3 g5 41. Kd3 f4 42. b4 axb4 43. axb4 Nb8 44. b5 Nd7 45. Nb4 1-0

[Event "CZECH OPEN 2011 "]
[Site "Pardubice (CZE)"]
[Date "2011.07.24"]
[Round "3.3"]
[White "Grigoriants, Sergey"]
[Black "Velicka, Petr"]
[Result "1/2-1/2"]
[WhiteElo "2566"]
[BlackElo "2461"]
[PlyCount "43"]
[EventDate "2011.07.22"]

1. c4 Nf6 2. d4 c6 3. Bf4 d5 4. e3 g6 5. Nc3 Bg7 6. Nf3 O-O 7. Bd3 dxc4 8. Bxc4
Nd5 9. Bg3 Nxc3 10. bxc3 c5 11. O-O Nc6 12. Rb1 cxd4 13. cxd4 b6 14. Bd3 Bb7
15. Qe2 Qd7 16. Rfc1 Rfc8 17. h4 Na5 18. h5 Rxc1+ 19. Rxc1 Rc8 20. Rxc8+ Qxc8
21. hxg6 hxg6 22. Ne5 1/2-1/2

[Event "CZECH OPEN 2011 "]
[Site "Pardubice (CZE)"]
[Date "2011.07.24"]
[Round "3.4"]
[White "Neuman, Petr"]
[Black "Maslak, Konstantin"]
[Result "1/2-1/2"]
[WhiteElo "2454"]
[BlackElo "2561"]
[PlyCount "115"]
[EventDate "2011.07.22"]

1. d4 Nf6 2. c4 g6 3. Nc3 d5 4. Bf4 Bg7 5. e3 O-O 6. Rc1 c5 7. dxc5 Be6 8. Qb3
Na6 9. c6 bxc6 10. Qa3 Nc7 11. Qa5 Rc8 12. Nf3 dxc4 13. Be5 Nb5 14. Qxd8 Rfxd8
15. Na4 Nd6 16. Bxd6 exd6 17. Bxc4 Bxc4 18. Rxc4 Nd7 19. Rc2 Nb6 20. Nc3 d5 21.
O-O c5 22. Rd1 d4 23. Ne4 dxe3 24. Rxd8+ Rxd8 25. fxe3 Re8 26. Nxc5 Rxe3 27.
Kf2 Re7 28. b4 f5 29. Nb3 Bf6 30. g3 Nd5 31. b5 Re4 32. Rd2 Nc3 33. Nbd4 Bd8
34. Kg2 Bb6 35. a3 Re3 36. Nc2 Re7 37. Nb4 Nxb5 38. Nd5 Rb7 39. a4 Na3 40. Nxb6
axb6 41. Ne5 Re7 42. Rd3 Rxe5 43. Rxa3 Re2+ 44. Kg1 Rb2 45. a5 bxa5 46. Rxa5
Kg7 47. Ra7+ Kh6 48. h4 Re2 49. Rb7 Ra2 50. Rc7 Ra8 51. Kg2 Rg8 52. Rc5 Rg7 53.
g4 fxg4 54. Kg3 Ra7 55. Kxg4 Ra4+ 56. Kg3 Ra3+ 57. Kg4 Ra4+ 58. Kg3 1/2-1/2

[Event "CZECH OPEN 2011 "]
[Site "Pardubice (CZE)"]
[Date "2011.07.24"]
[Round "3.5"]
[White "Llorente Zaro, Alfonso"]
[Black "Panchanathan, Magesh Chandran"]
[Result "0-1"]
[WhiteElo "2453"]
[BlackElo "2556"]
[PlyCount "90"]
[EventDate "2011.07.22"]

1. d4 Nf6 2. Nf3 e6 3. Bg5 b6 4. Nbd2 Bb7 5. e3 Be7 6. Bd3 c5 7. c3 h6 8. Bxf6
Bxf6 9. Qe2 Nc6 10. O-O O-O 11. a3 d5 12. Ba6 Qc8 13. Bxb7 Qxb7 14. b4 cxd4 15.
cxd4 Ne7 16. Nb3 Rfc8 17. Rfc1 Nf5 18. Nfd2 Nd6 19. a4 e5 20. Nf3 exd4 21.
Nbxd4 Rc4 22. Rxc4 dxc4 23. Qc2 Rc8 24. Rd1 a6 25. b5 axb5 26. Nxb5 Nxb5 27.
axb5 Qe7 28. e4 c3 29. Rd5 Qa3 30. e5 Qb2 31. Ne1 Bg5 32. Kf1 Be7 33. Qf5 Rf8
34. g3 Bc5 35. Nc2 Qxb5+ 36. Qd3 Qc6 37. Rd8 Rxd8 38. Qxd8+ Bf8 39. Qd3 b5 40.
Ke2 b4 41. Nd4 Qd5 42. e6 fxe6 43. Qe3 Bc5 44. Qxe6+ Qxe6+ 45. Nxe6 b3 0-1

[Event "CZECH OPEN 2011 "]
[Site "Pardubice (CZE)"]
[Date "2011.07.24"]
[Round "3.6"]
[White "Lintchevski, Daniil"]
[Black "Andreev, Eduard"]
[Result "1/2-1/2"]
[WhiteElo "2553"]
[BlackElo "2458"]
[PlyCount "62"]
[EventDate "2011.07.22"]

1. e4 c5 2. Nf3 d6 3. d4 cxd4 4. Nxd4 Nf6 5. Nc3 Nc6 6. Be2 g6 7. Be3 Bg7 8.
Qd2 O-O 9. O-O-O Nxd4 10. Bxd4 Be6 11. h4 Qa5 12. Qg5 Qxg5+ 13. hxg5 Nd7 14.
Nd5 Bxd5 15. exd5 Rfc8 16. Be3 Rc7 17. Rh4 f6 18. Re4 Nc5 19. Rc4 fxg5 20. Bxg5
b5 21. Rb4 Rb8 22. Kb1 Rcb7 23. Bc1 Bf6 24. Rg4 b4 25. Rc4 a5 26. g4 g5 27. Bd3
Kg7 28. Bf5 h6 29. Re1 Na4 30. Be6 Nc5 31. Bf5 Na4 1/2-1/2

[Event "CZECH OPEN 2011 "]
[Site "Pardubice (CZE)"]
[Date "2011.07.24"]
[Round "3.8"]
[White "Breder, Dennis"]
[Black "Friedel, Joshua E"]
[Result "0-1"]
[WhiteElo "2443"]
[BlackElo "2531"]
[PlyCount "78"]
[EventDate "2011.07.22"]

1. e4 e5 2. Nf3 Nc6 3. d4 exd4 4. Nxd4 Nf6 5. Nc3 Bb4 6. Nxc6 bxc6 7. Bd3 O-O
8. O-O d5 9. exd5 cxd5 10. Bg5 c6 11. Qf3 Be7 12. h3 h6 13. Bf4 Be6 14. Rad1
Bd6 15. Ne2 Rb8 16. b3 c5 17. c3 Bxf4 18. Nxf4 Rb6 19. Rfe1 Rd6 20. Bb1 Qb6 21.
Rd2 Rfd8 22. Rde2 a5 23. g4 Rf8 24. Re5 Qd8 25. Qe3 d4 26. cxd4 cxd4 27. Qd3
Bc8 28. g5 hxg5 29. Rxg5 Re8 30. Ree5 Rxe5 31. Rxe5 Ba6 32. Qg3 d3 33. Rg5 Ne8
34. Qh4 Rd4 35. Kg2 Qf6 36. Kg3 Nd6 37. f3 Nf5+ 38. Rxf5 Qxf5 39. a3 g5 0-1

[Event "CZECH OPEN 2011 "]
[Site "Pardubice (CZE)"]
[Date "2011.07.24"]
[Round "3.9"]
[White "Teske, Henrik"]
[Black "Recuero Guerra, David"]
[Result "1-0"]
[WhiteElo "2529"]
[BlackElo "2441"]
[PlyCount "55"]
[EventDate "2011.07.22"]

1. d4 Nf6 2. c4 e6 3. Nf3 d5 4. Bg5 dxc4 5. e4 c5 6. e5 h6 7. Be3 Nd5 8. Bxc4
cxd4 9. Bxd4 Nc6 10. O-O Nb6 11. Bxb6 Qxb6 12. Nc3 Be7 13. Qe2 Bd7 14. Rfd1 Rd8
15. h4 g5 16. hxg5 hxg5 17. g3 g4 18. Nh2 Nxe5 19. Qxe5 Rxh2 20. Ne4 Rh7 21.
Rxd7 Rxd7 22. Bb5 f6 23. Qb8+ Bd8 24. Bxd7+ Kxd7 25. Rd1+ Ke7 26. Rxd8 Qc6 27.
Rd1 Kf7 28. Qf4 1-0

[Event "CZECH OPEN 2011 "]
[Site "Pardubice (CZE)"]
[Date "2011.07.24"]
[Round "3.11"]
[White "Haba, Petr"]
[Black "Aguettaz, Maxime"]
[Result "1-0"]
[WhiteElo "2504"]
[BlackElo "2426"]
[PlyCount "51"]
[EventDate "2011.07.22"]

1. d4 Nf6 2. c4 d6 3. Nc3 Bf5 4. f3 e5 5. e4 exd4 6. Qxd4 Nc6 7. Qd2 Be6 8. b3
g6 9. Bb2 Bg7 10. Bd3 Nd7 11. Nge2 Qh4+ 12. g3 Qh5 13. f4 Nc5 14. O-O-O O-O 15.
Bb1 Rfe8 16. f5 Na5 17. Bc2 Bxc4 18. Nf4 Qf3 19. f6 Bxf6 20. Ncd5 Bxb2+ 21.
Kxb2 Bxd5 22. Nxd5 c6 23. Rhf1 Qxf1 24. Rxf1 cxd5 25. Qxa5 dxe4 26. Qc7 1-0

[Event "CZECH OPEN 2011 "]
[Site "Pardubice (CZE)"]
[Date "2011.07.24"]
[Round "3.12"]
[White "Jansa, Vlastimil"]
[Black "Abel, Dennes"]
[Result "1/2-1/2"]
[WhiteElo "2493"]
[BlackElo "2418"]
[PlyCount "58"]
[EventDate "2011.07.22"]

1. e4 c6 2. c4 d5 3. cxd5 cxd5 4. exd5 Nf6 5. Bb5+ Nbd7 6. Nc3 g6 7. d4 Bg7 8.
d6 e6 9. Nf3 O-O 10. O-O a6 11. Bxd7 Qxd7 12. Bf4 Nh5 13. Be5 f6 14. Bg3 Nxg3
15. hxg3 Qxd6 16. Re1 f5 17. Qb3 b5 18. Ne2 Bb7 19. Nf4 Rfe8 20. Rxe6 Rxe6 21.
Qxe6+ Qxe6 22. Nxe6 Rc8 23. Rd1 Bd5 24. Nf4 Bxa2 25. Ra1 Bc4 26. Rxa6 Rd8 27.
Ne5 Bxe5 28. dxe5 Re8 29. e6 g5 1/2-1/2

[Event "CZECH OPEN 2011 "]
[Site "Pardubice (CZE)"]
[Date "2011.07.24"]
[Round "3.13"]
[White "Ponizil, Cyril"]
[Black "De La Villa Garcia, Jesus Maria"]
[Result "0-1"]
[WhiteElo "2388"]
[BlackElo "2490"]
[PlyCount "68"]
[EventDate "2011.07.22"]

1. e4 e6 2. d4 d5 3. Nd2 Nf6 4. e5 Nfd7 5. c3 c5 6. Bd3 Nc6 7. Ne2 cxd4 8. cxd4
f6 9. exf6 Nxf6 10. Nf3 Bd6 11. O-O O-O 12. Bf4 Nh5 13. Bxd6 Qxd6 14. Qc2 Nf6
15. a3 Bd7 16. b4 Rac8 17. Qb2 Ng4 18. Ng3 e5 19. b5 Nxd4 20. Nxd4 exd4 21.
Qxd4 Rf4 22. Qxa7 b6 23. Be2 Nxf2 24. Bf3 Nd3 25. Rad1 Bxb5 26. Kh1 Rf7 27.
Qxf7+ Kxf7 28. Bg4+ Nf4 29. Bxc8 Bxf1 30. Rxf1 g5 31. a4 Qc6 32. Bf5 h6 33. Nh5
Qc4 34. Ng3 Qxa4 0-1